000 01668nam a2200313 i 4500
999 _c1751
_d1751
003 OSt
005 20230125174515.0
008 170823s2017 nyua j 000 1 eng d
020 _a9780316320481
040 _aDLC
_beng
_erda
_cDLC
_dCaOL
_dKH8
082 _aFIC BOS
100 1 _aBosch, Pseudonymous,
_eauthor.
245 1 0 _aBad news /
_cPseudonymous Bosch ; illustrations by Juan Manuel Moreno.
264 1 _aNew York :
_bLittle, Brown and Company,
_c2017.
300 _a342 pages :
_billustrations ;
_c20 cm.
336 _atext
_2rdacontent.
337 _aunmediated
_2rdamedia.
338 _avolume
_2rdacarrier.
490 1 _aBad books ;
_v3.
520 _a"The can't-miss final installment of beloved author Pseudonymous Bosch's bestselling Bad Books trilogy! At Earth Ranch, Clay encountered a haunted library, a castaway boy, and a fire-breathing dragon--not to mention incredible magic. Now he faces his most dangerous foes yet: the mysterious white-gloved members of the Midnight Sun, whose scheming leads Clay to a dragon reserve. Up against impossible odds, will Clay and his Secret Series Allies be able to triumph over these villains once and for all? Packed with action, humor, magic, mystery, and dragons, Pseudonymous Bosch answers long-simmering questions as he delivers his most exciting adventure yet"--Provided by publisher.
650 0 _aDragons
_vJuvenile fiction.
650 0 _aCamps
_vJuvenile fiction.
650 0 _aMagic
_vJuvenile fiction.
655 7 _aAction and adventure fiction.
_2lcgft.
655 0 _aFantasy fiction.
700 1 _aMoreno, Juan Manuel,
_d1972-
_eillustrator.
830 0 _aBad books ;
_v3.
942 _2ddc
_cNFIC